000 00737nam a2200253Ia 4500
003 OSt
005 20221005092209.0
006 a|||||r|||| 00| 0
007 ta
008 221004b |||||||| |||| 00| 0 eng d
020 _a0415314158 (pbk)
_c325
024 _a95311
037 _bDU68, 17/03/2009, Independent Publishers Group
_cTextual
040 _aCRL
_cCRL
_beng
041 _2eng
_aeng
082 _aSM95xM56:g, P8
100 _aLear Jonathan
245 0 _aFreud
260 _aNew York
_bRoutledge U.S.A
_c2008
300 _axvi, 278p.
_ccm.
650 _aPSYCHOLOGY
942 _hSM95xM56:g, P8
_cTEXL
_2cc
999 _c998493
_d998493